000 00713nam a22001937a 4500
999 _c192868
_d192868
005 20221007121608.0
010 _aENG-135338
020 _a9789385926228
_c750.00
035 _aEN-118870
037 _bDBAD/PUB
082 _a327.51054
245 _aSino-Indian relations:
_bcontemporary perrspective/
_ced. by R. Sidda Goud [and] Manisha Mookherjee
260 _aNew delhi
_bAllied publishers private limited
_c2016
270 _a1/13-14 asaf ali road
_bnew delhi
_e110002
_k011-23239001
_mdelhi.books@alliedpublishers.com
300 _a160p.
_c22cm(hbk)
_bRefrences, Bibliography and Acronyms
700 _aGoud, R. Sidda
700 _aMookherjee, Manisha
942 _2ddc
_cEN
_mSIN
_h327.51054